LEADER 00721nam0 2200253 450 001 9910977582203321 005 20250218155836.0 010 $a9782130815068 100 $a20250218d2019----km y0itay50 ba 101 0 $afre 102 $aFR 105 $ay 001yy 200 1 $aL'intraitable$fSous la direction de Jacques André et Patrick Guyomard 210 $aParis$cPuf$d2019 225 1 $aPetite bibliothèque de psychanalyse 700 1$aAndré,$bJacques$0386628 701 1$aGuyomard,$bPatrick$01789225 801 0$aIT$bUNINA$gREICAT$2UNIMARC 901 $aBK 912 $a9910977582203321 952 $a150.3143 PBP 38$b2025/246$fFLFBC 959 $aFLFBC 996 $aL'intraitable$94324642 997 $aUNINA